000 00382cam a2200169 4500
001 D12348
008 090401t1916 xxu||||| |||| 00| 0 eng d
035 _a(Sirsi) u2782
041 _aeng
100 _aCary, Edward R
245 _aGeoderic surveying
260 _aNew York
_bJohn Wiley & Sons
_c1916
350 _a0
520 _aShelf 177
942 _n0
948 _c04/03/1997
999 _c85808
_d85808